000 00602nam a22001817a 4500
003 BD-DhUL
005 20191016154035.0
008 190509s1916 ii ||||| |||| 00| 0 urd d
040 _aBD-DhUL
_cBD-DhUL
082 _a954.02
_bZAT
100 1 _aذکاء اللہ، خان بہادر۔
245 1 0 _aتاریخ ہندوستان :
_cخان بہادر ذکاء اللہ۔
_bجلد ۱-۲ /
246 _aTārīkh-e Hindustān : vol. 1-2
260 _aعلی گڑھ :
_bمطبع انٹی ٹوٹ،
_c۔۱۹۱۶
300 _aحصہ ۱-۲ ؛
_c۲۲ سم۔
650 4 _aIndia
_vHistory.
942 _2ddc
_cBK
999 _c250363
_d250363